Country Duel: Russia or USA? - Statistics

General Stats
  • This quiz has been taken 58 times
  • The average score is 32 of 35
Answer Stats
Category Which of the two ... Answer % Correct
lower National Debt to GDP? Russia = 14.61% USA = 79.2%
100%
General Facts bigger area? Russia = 17 100 000 km² USA = 9 834 000 km²
100%
longer Coastline? Russia = 37,653 km USA = 19,924 km
100%
more Forrested Area? (%) Russia = 47.7% USA = 31.3%
100%
lower income tax rate? Russia = 47% USA = 51.8%%
100%
cheaper to live? Russia is 3.3 times less expensive then USA
100%
bigger Population Growth? USA = 0.8% Russia = -0.11%
100%
Army larger army? USA = 1,359,450 Russia = 900,000
100%
bigger export? USA = $1.66T Russia = $427B
100%
more Renewable Energy? (%) USA = 17% Russia = 16%
100%
Economical Facts bigger GDP? (2018) USA = $20.54T Russia = $1.66T
100%
bigger population? USA = 328,2 millions Russia = 144,5 millions
100%
bigger population density? USA = 34 ppsqkm Russia = 8.58 ppsqkm
100%
bigger average annual wage? (PPP) USA = $63,093 Russia = $7,284
100%
more nuclear power plants? USA = 98 reactors Russia = 36 reactors
100%
Geography highest Mountain? USA = Denali 6,190 m Russia = Mount Elbrus 5,642 m
100%
longest river? USA = Missouri River 3,768 km UK = Volga 3,531 km
100%
lower unemployment? Russia = 6.1% USA = 11.1%
98%
Energy and Resources more Oil Reserves? Russia = 80,000 millions of barrels USA = 47,053 millions of barrels
98%
more Agricultural Area? (%) USA = 17.1% Russia 7.4%
98%
less CO2 emmissions per capita? (2019) Russia = 11,86 tons USA = 16,50 tons
96%
more Olympic Golden Medals? (Summer) USA = 1,022 Russia = 395
94%
Contests more Beauty Pageant Winners? USA = 14 Russia = 3
94%
more Nobel Laureates? USA = 383 Russia = 31
94%
National Heritage more UNESCO sites? Russia = 29 USA = 23
90%
more Olympic Golden Medals? (Winter) USA = 105 Russia = 78
90%
Health and Safety safer accoring to their rank in GPI? (2019) USA = 128 Russia = 154
90%
better rank in Quality of Life Index? (2019) USA = 15 Russia = 70
90%
more tourists? USA = 76.9 million Russia = 4.2 million
90%
higher Life expectancy? USA = 79.11 Russia = 72.99
86%
History first in space? Soviet Union
84%
bigger empire? Soviet Union
82%
Happiness better Rank in World Happiness Report? (2019) USA = 19 Russia = 68
82%
AND FINALLY who do you think is the winner? That is correct! They are truly the superpower!
60%
TOTAL scored more points in this quiz? USA = 21 Russia = 12
0%
No matching quizzes found
Score Distribution
Percent of People with Each Score
Percentile by Number Answered
Your Score History
You have not taken this quiz